Semántica (Record no. 147533)

MARC details
000 -LEADER
campo de control de longitud fija 00634nam a2200205 i 4500
001 - NÚMERO DE CONTROL
campo de control 147533
003 - IDENTIFICADOR DE NÚMERO DE CONTROL
campo de control ES-MaACL
005 - FECHA Y HORA DE LA ÚLTIMA TRANSACCIÓN
campo de control 20230906202051.0
007 - CAMPO FIJO DE DESCRIPCIÓN FÍSICA--INFORMACIÓN GENERAL
campo de control de longitud fija t|
008 - DATOS DE LONGITUD FIJA--INFORMACIÓN GENERAL
campo de control de longitud fija 071001s1972 sp |||| | spa d
080 ## - NÚMERO DE LA CLASIFICACIÓN DECIMAL UNIVERSAL
Número de la Clasificación Decimal Universal 801.54
100 1# - ENTRADA PRINCIPAL--NOMBRE DE PERSONA
Nombre de persona Ullmann, Stephen.
9 (RLIN) 111936
245 10 - MENCIÓN DEL TÍTULO
Título Semántica
Resto del título : introducción a la ciencia del significado /
Mención de responsabilidad, etc. Stepen Ullmann ; traducción Juan Martín Ruiz-Werner.
250 ## - MENCION DE EDICION
Mención de edición 2ª ed.
Resto de la mención de edición 2ª reimp.
260 ## - PUBLICACIÓN, DISTRIBUCIÓN, ETC.
Lugar de publicación, distribución, etc. [Madrid] :
Nombre del editor, distribuidor, etc. Aguilar,
Fecha de publicación, distribución, etc. 1972.
300 ## - DESCRIPCIÓN FÍSICA
Extensión XIV., 320 p. ;
Dimensiones 22 cm.
650 14 - PUNTO DE ACCESO ADICIONAL DE MATERIA--TÉRMINO DE MATERIA
Término de materia o nombre geográfico como elemento de entrada Semántica.
9 (RLIN) 17037
700 1# - ENTRADA AGREGADA--NOMBRE PERSONAL
Nombre de persona Martín Ruiz-Werner, Juan.
9 (RLIN) 77640
852 ## - LOCALIZACIÓN
Ubicación ES-MaACL
Número de control de estantería C-43373
Holdings
Estatus retirado Estado de pérdida Estado de daño No para préstamo Biblioteca de origen Biblioteca actual Ubicación en estantería Fecha de adquisición Fuente de adquisición Total de préstamos Signatura topográfica completa Código de barras Visto por última vez Precio de reemplazo Tipo de ítem Koha
        Biblioteca del Ateneo de Madrid Biblioteca del Ateneo de Madrid Depósito 2 17/01/2008     C-43373 1153963 23/02/2023 23/02/2023 Libro impreso